驻地之间距离小于50km的地级行政区 - Statistics

General Stats
  • This quiz has been taken 48 times
  • The average score is 52 of 75
Answer Stats
省级行政区 地级行政区 % Correct
广东省 佛山市
92%
广东省 广州市
92%
广东省 中山市
90%
广东省 珠海市
90%
湖北省 鄂州市
87%
湖北省 黄冈市
87%
广东省 江门市
87%
江苏省 南京市
87%
江苏省 常州市
85%
湖北省 黄石市
85%
安徽省 马鞍山市
85%
辽宁省 沈阳市
85%
江苏省 苏州市
85%
江苏省 泰州市
85%
辽宁省 铁岭市
85%
安徽省 芜湖市
85%
陕西省 西安市
85%
陕西省 咸阳市
85%
湖南省 湘潭市
85%
江苏省 扬州市
85%
湖南省 长沙市
85%
江苏省 镇江市
85%
湖南省 株洲市
85%
辽宁省 鞍山市
82%
广东省 潮州市
82%
广东省 揭阳市
82%
广东省 汕头市
82%
江苏省 无锡市
82%
辽宁省 本溪市
79%
辽宁省 抚顺市
79%
辽宁省 辽阳市
79%
安徽省 滁州市
77%
安徽省 淮北市
77%
福建省 厦门市
77%
福建省 漳州市
77%
浙江省 杭州市
74%
浙江省 绍兴市
74%
河南省 安阳市
72%
河南省 鹤壁市
72%
四川省 自贡市
72%
安徽省 安庆市
69%
安徽省 池州市
69%
甘肃省 嘉峪关市
69%
甘肃省 酒泉市
69%
安徽省 宿州市
69%
安徽省 淮南市
67%
山西省 晋中市
64%
四川省 内江市
64%
山西省 太原市
64%
安徽省 铜陵市
64%
广西壮族自治区 防城港市
62%
广西壮族自治区 钦州市
62%
安徽省 蚌埠市
59%
新疆维吾尔自治区 昌吉回族自治州
56%
青海省 海东市
56%
四川省 绵阳市
56%
新疆维吾尔自治区 乌鲁木齐市
56%
青海省 西宁市
56%
广东省 肇庆市
56%
四川省 德阳市
54%
河北省 邯郸市
54%
河北省 邢台市
54%
广东省 云浮市
54%
吉林省 白山市
51%
山西省 晋城市
49%
吉林省 通化市
49%
江西省 新余市
49%
江西省 宜春市
49%
河南省 焦作市
46%
河南省 三门峡市
44%
山西省 运城市
44%
辽宁省 葫芦岛市
41%
辽宁省 锦州市
41%
新疆维吾尔自治区 喀什地区
31%
新疆维吾尔自治区 克孜勒苏柯尔克孜自治州
28%
No matching quizzes found
Score Distribution
Percent of People with Each Score
Percentile by Number Answered
Your Score History
You have not taken this quiz